| 000 | 00643nam a2200193 i 4500 | ||
|---|---|---|---|
| 001 | 128845 | ||
| 003 | ES-MaACL | ||
| 005 | 20230906193355.0 | ||
| 007 | t| | ||
| 008 | 070529s1959 sp ||||1| spa d | ||
| 080 | _a86(Tamayo y Baus, Manuel 1.06) | ||
| 100 | 1 |
_aTayler, Neale H. _9109431 |
|
| 245 | 1 | 4 |
_aLas fuentes del teatro de Tamayo y Baus _b: originalidad e influencias / _cpor Neale H. Tayler. |
| 260 |
_aMadrid : _b[s.n.], _c1959 ( _fGráf. Uguina) |
||
| 300 |
_a211 p. ; _c21 cm. |
||
| 500 | _aRetrato del autor. | ||
| 600 | 1 | 4 |
_aTamayo y Baus, Manuel- _xCrítica e interpretación. _9109166 |
| 852 |
_aES-MaACL _jC-16108 _bR.44066 |
||
| 999 |
_c128845 _d128845 |
||